NLSUI OPAC header image

The German law against restraints of competition : Bilingual edition with introduction (Record no. 4134)

MARC details
000 -LEADER
fixed length control field 00440nam a2200157Ia 4500
008 - FIXED-LENGTH DATA ELEMENTS--GENERAL INFORMATION
fixed length control field 160316s1973 xxu||||| |||| 00| 0 eng d
082 ## - DEWEY DECIMAL CLASSIFICATION NUMBER
Classification number 343.080000
Item number MUE-1
100 ## - MAIN ENTRY--PERSONAL NAME
Personal name Mueller Rudolf
245 ## - TITLE STATEMENT
Title The German law against restraints of competition : Bilingual edition with introduction
250 ## - EDITION STATEMENT
Edition statement
260 ## - PUBLICATION, DISTRIBUTION, ETC.
Place of publication, distribution, etc. Germany
Name of publisher, distributor, etc. Fritz Knapp Valag
Date of publication, distribution, etc. 1973
300 ## - PHYSICAL DESCRIPTION
Extent 207p
Other physical details
Dimensions
365 ## - TRADE PRICE
Price amount P.9.00
650 ## - SUBJECT ADDED ENTRY--TOPICAL TERM
Topical term or geographic name entry element
700 ## - ADDED ENTRY--PERSONAL NAME
Personal name Scheider Hannes
--
Holdings
Withdrawn status Lost status Damaged status Not for loan Home library Current library Shelving location Date acquired Cost, normal purchase price Total Checkouts Full call number Barcode Date last seen Price effective from Koha item type
        . . Library Compactors 30.05.2017 9.00   343.08 MUE-1 4302 30.05.2017 30.05.2017 BOOKs